01602cam a2200409Ia 450000100090000000300090000900500170001800800410003502000150007602000220009104000380011304100130015104900090016408200210017309000240019410000540021824500770027226400510034930000280040044000280042844000360045650400220049250502260051452600090074052600090074952600080075852600080076652600080077452600080078260000340079065000450082465000180086994200150088799900170090298001100091995201630102945589760PE-LiUPU20250731175647.0000530s2000 enk 001 0 eng d a184127030X a184127139X (pbk.) aEQOcPE-LiUPUdPE-LiUPUbspaerda0 aengbakk aEXNW04a492.1223bR524h aKL2212.1b.R53 20001 aRichardson, M. E. J.q(Mervyn Edwin John),d1943-10aHammurabi's laws :btext, translation and glossary /cM.E.J. Richardson. aSheffield :bSheffield Academic Press,cc2000. a423 páginas ;c24 cm. 0aBiblical seminar ;v73. 0aSemitic texts and studies ;v2. aIncluye índice. aOutline contents of Hammurabi's laws -- The laws: text and translation -- Glossary -- Proper names, numerals and units of measurement -- Roots and stems -- Verbal forms -- English-Akkadian index -- Akkadian-english index. aP145 aP127 aP97 aP35 aP14 aP0700aHammurabi,cRey de Babilonia.14aDerechozIraqzBabiloniavFuentes.9506324aAcadio.95064 2ddccBKn0 c62863d62862 618226aJaime Vilcazán Jefe de Análisis Documental81gALBERTO SANCHEZ Responsable de Automatización r2025-12-02 00:00:00l0o492.1 R524hp82547te1v25.00w2025-03-06xFACTEOyBK102ddc50708GENfP35aBULbBULcGENd2024-12-23eDonación, Merling Alomía